| 000 | 00600nam a2200193Ia 4500 | ||
|---|---|---|---|
| 005 | 20250326141959.0 | ||
| 008 | 250326s9999 xx 000 0 und d | ||
| 020 | _a0-86008-422-1 | ||
| 037 | _aTextbook | ||
| 040 |
_aFMSL _beng _cFMSL |
||
| 041 |
_aeng _2eng |
||
| 084 |
_aXp1N87 M7 _qFMSL |
||
| 100 | _aSuzuki Yoshio | ||
| 245 | 0 |
_aTowards a world of economic stability : Optimal monetory framework and policy _cSuzuki Yoshio; Okabe Mitsuaki |
|
| 260 |
_aLondon _bLondon, University of Tokyo _c1987 |
||
| 300 | _axiii,370 | ||
| 942 |
_cTB _hXp1N87 M7 |
||
| 999 |
_c1292895 _d1292895 |
||